[Event "19. Open de Gros 2009"]
[Site "San Sebastián ESP"]
[Date "2009.09.28"]
[Round "5.7"]
[White "Martin Alvarez, Inigo"]
[Black "Izagirre Alsua, Aritz"]
[Result "1-0"]
[WhiteElo "2227"]
[BlackElo "1837"]
[PlyCount "105"]
[EventDate "2009.09.25"]
[EventType "swiss"]
[EventRounds "9"]
[EventCountry "ESP"]
[Source "lmi"]
[SourceDate "2009.09.25"]

1. e4 c5 2. Nf3 d6 3. d4 cxd4 4. Qxd4 a6 5. Be3 Nc6 6. Qb6 Qxb6 7. Bxb6 Nf6 8.
Nc3 g6 9. O-O-O Bh6+ 10. Kb1 Be6 11. Nd5 Bxd5 12. exd5 Nb8 13. Bd4 Nbd7 14. Re1
Bf8 15. c4 h6 16. Bd3 Rg8 17. Re2 O-O-O 18. b4 Kb8 19. a4 Ka8 20. a5 Ng4 21. b5
Bg7 22. h3 Bxd4 23. hxg4 Bf6 24. Rxh6 Rde8 25. Rh1 Nc5 26. Bc2 Bc3 27. Rh7 Rh8
28. Rxh8 Rxh8 29. Rxe7 Rh1+ 30. Bd1 axb5 31. cxb5 Bxa5 32. Kc2 Rf1 33. Re2 Rh1
34. Nd4 Re1 35. f3 Rxe2+ 36. Bxe2 Be1 37. Bf1 Ka7 38. f4 Kb8 39. Bd3 Kc7 40. g5
Kd7 41. f5 Bf2 42. Nf3 Nxd3 43. Kxd3 gxf5 44. Nd4 f4 45. Ke4 Be3 46. Nf3 Bc1
47. Kf5 Ke7 48. Nd4 Be3 49. Ne2 Bd2 50. Nxf4 Bc3 51. g6 fxg6+ 52. Kxg6 Kf8 53.
Ne6+ 1-0

[Event "19. Open de Gros 2009"]
[Site "San Sebastián ESP"]
[Date "2009.09.28"]
[Round "5.8"]
[White "Sanchez Garcia, Jose Miguel"]
[Black "Guijarro Galan, Jose Luis"]
[Result "0-1"]
[WhiteElo "1858"]
[BlackElo "2085"]
[PlyCount "79"]
[EventDate "2009.09.25"]
[EventType "swiss"]
[EventRounds "9"]
[EventCountry "ESP"]
[Source "lmi"]
[SourceDate "2009.09.25"]

1. d4 d5 2. Nf3 e6 3. c4 c6 4. Nc3 dxc4 5. a4 Bb4 6. e3 b5 7. axb5 cxb5 8. Ne5
Nf6 9. Be2 Bb7 10. O-O O-O 11. Bf3 Qb6 12. Bd2 Nc6 13. Qc2 Bd6 14. Bxc6 Bxc6
15. Ne2 Ne4 16. Ba5 Qb7 17. f3 Nf6 18. Be1 Nd5 19. Bd2 f6 20. Nxc6 Qxc6 21. e4
Nb4 22. Bxb4 Bxb4 23. Nc3 Rfd8 24. d5 Qc5+ 25. Kh1 Bxc3 26. bxc3 exd5 27. exd5
Rxd5 28. Qe4 Rad8 29. Qe6+ Kf8 30. Qh3 Rh5 31. Qg4 Re5 32. Rfd1 Rxd1+ 33. Rxd1
Qe7 34. Qg3 a5 35. h3 b4 36. cxb4 axb4 37. Qh4 c3 38. Ra1 Qc5 39. Qxh7 c2 40.
Ra8+ 0-1

[Event "19. Open de Gros 2009"]
[Site "San Sebastián ESP"]
[Date "2009.09.30"]
[Round "7.1"]
[White "Mirzoev, Azer"]
[Black "Meijers, Viesturs"]
[Result "1-0"]
[WhiteElo "2584"]
[BlackElo "2471"]
[PlyCount "113"]
[EventDate "2009.09.25"]
[EventType "swiss"]
[EventRounds "9"]
[EventCountry "ESP"]
[Source "lmi"]
[SourceDate "2009.09.25"]

1. d4 e6 2. Nf3 b6 3. c4 Bb7 4. e3 f5 5. Be2 Nf6 6. O-O Be7 7. Nc3 O-O 8. b3
Ne4 9. Bb2 Nxc3 10. Bxc3 d6 11. Nd2 Nd7 12. Bf3 Bxf3 13. Qxf3 Bf6 14. Qc6 Rc8
15. Rac1 Nb8 16. Qa4 c5 17. Nf3 Qc7 18. Rfd1 Rcd8 19. b4 cxd4 20. Bxd4 e5 21.
Bb2 h6 22. Qb3 Kh8 23. h3 Nc6 24. Rc2 Rd7 25. Rcd2 Rfd8 26. Qa4 Kh7 27. a3 g6
28. Qb5 Nb8 29. Qd5 Bg7 30. e4 fxe4 31. Qxe4 Rf8 32. Nh4 Rf6 33. f4 Re7 34.
fxe5 dxe5 35. Nxg6 Qb7 36. Qxb7 Rxb7 37. Nxe5 Re6 38. Nd3 Re4 39. Bxg7 Rxg7 40.
Kh2 Rxc4 41. Ne5 Rf4 42. Rd6 h5 43. R1d2 Re4 44. Nf3 Rg6 45. Rxg6 Kxg6 46. Rd8
Na6 47. Rd7 Nxb4 48. axb4 Rxb4 49. Rxa7 b5 50. Ra6+ Kf5 51. Rh6 h4 52. Rb6 Ke4
53. Nxh4 Kd5 54. Nf3 Kc5 55. Rb8 Re4 56. g4 Re3 57. Kg3 1-0

[Event "19. Open de Gros 2009"]
[Site "San Sebastián ESP"]
[Date "2009.09.30"]
[Round "7.2"]
[White "Georgiev, Krum"]
[Black "Ninov, Nikolai"]
[Result "0-1"]
[WhiteElo "2466"]
[BlackElo "2532"]
[PlyCount "46"]
[EventDate "2009.09.25"]
[EventType "swiss"]
[EventRounds "9"]
[EventCountry "ESP"]
[Source "lmi"]
[SourceDate "2009.09.25"]

1. e4 c5 2. Nf3 d6 3. c3 Nf6 4. Bd3 Bg4 5. Bc2 Nc6 6. d3 d5 7. Nbd2 Qc7 8. O-O
e6 9. Re1 O-O-O 10. h3 Bh5 11. Qe2 Bd6 12. Qe3 d4 13. Qe2 Be5 14. c4 g5 15. Ba4
g4 16. hxg4 Bxg4 17. Bxc6 bxc6 18. Qd1 Rdg8 19. Kf1 Nh5 20. Qa4 Nf4 21. Nxe5
Qxe5 22. Qxc6+ Kd8 23. b4 Bh3 0-1

[Event "19. Open de Gros 2009"]
[Site "San Sebastián ESP"]
[Date "2009.09.30"]
[Round "7.3"]
[White "Huerga Leache, Mikel"]
[Black "Paunovic, Dragan"]
[Result "1/2-1/2"]
[WhiteElo "2445"]
[BlackElo "2556"]
[PlyCount "39"]
[EventDate "2009.09.25"]
[EventType "swiss"]
[EventRounds "9"]
[EventCountry "ESP"]
[Source "lmi"]
[SourceDate "2009.09.25"]

1. e4 c5 2. Nf3 e6 3. d4 cxd4 4. Nxd4 a6 5. c4 Nf6 6. Nc3 Qc7 7. a3 d6 8. Be3
b6 9. Be2 Bb7 10. f3 Nbd7 11. O-O Be7 12. Qd2 O-O 13. b4 Rac8 14. Rfc1 Qb8 15.
Na4 Bd8 16. Rab1 Qa8 17. Nb3 Bc6 18. Nc3 Bc7 19. a4 Rfd8 20. Ra1 1/2-1/2

[Event "19. Open de Gros 2009"]
[Site "San Sebastián ESP"]
[Date "2009.09.30"]
[Round "7.4"]
[White "Inkiov, Ventzislav"]
[Black "Nogues Fernandez, Ramon"]
[Result "1-0"]
[WhiteElo "2465"]
[BlackElo "1862"]
[PlyCount "55"]
[EventDate "2009.09.25"]
[EventType "swiss"]
[EventRounds "9"]
[EventCountry "ESP"]
[Source "lmi"]
[SourceDate "2009.09.25"]

1. d4 Nf6 2. c4 c5 3. d5 e6 4. Nc3 exd5 5. cxd5 d6 6. e4 g6 7. f4 Bg7 8. e5
Nfd7 9. Nb5 dxe5 10. Nd6+ Ke7 11. Nxc8+ Qxc8 12. Nf3 Re8 13. Bb5 a6 14. Ba4 Kf8
15. f5 e4 16. Ng5 b5 17. Bc2 Ra7 18. O-O Nf6 19. fxg6 hxg6 20. Be3 Ng4 21. Ne6+
Rxe6 22. Qxg4 Re8 23. Qxg6 Kg8 24. Qg3 f5 25. b4 Nd7 26. Rxf5 cxb4 27. Bxa7
Qxc2 28. Bd4 1-0

[Event "19. Open de Gros 2009"]
[Site "San Sebastián ESP"]
[Date "2009.09.30"]
[Round "7.6"]
[White "Gaponenko, Inna"]
[Black "Izagirre Alsua, Aritz"]
[Result "1-0"]
[WhiteElo "2438"]
[BlackElo "1837"]
[PlyCount "75"]
[EventDate "2009.09.25"]
[EventType "swiss"]
[EventRounds "9"]
[EventCountry "ESP"]
[Source "lmi"]
[SourceDate "2009.09.25"]

1. e4 c5 2. c3 d6 3. d4 cxd4 4. cxd4 g6 5. Nc3 Bg7 6. h3 Nc6 7. Nf3 Nf6 8. Be3
Qa5 9. Qd2 O-O 10. Bd3 Bd7 11. O-O Qd8 12. Rad1 Bc8 13. Bb1 b6 14. Bh6 Bb7 15.
Bxg7 Kxg7 16. d5 Nb8 17. Nd4 Qd7 18. f4 Na6 19. Bc2 Nc7 20. Ba4 Qd8 21. Nc6
Bxc6 22. Bxc6 Rb8 23. e5 Nfe8 24. Qd4 Kg8 25. Ne4 a6 26. Rd3 b5 27. f5 dxe5 28.
Qxe5 f6 29. Qg3 g5 30. h4 h6 31. hxg5 hxg5 32. Qh2 Ng7 33. Qh6 Rb6 34. Rh3 Nxd5
35. Qh7+ Kf7 36. Qg6+ Kg8 37. Rh7 Rf7 38. Qh6 1-0

[Event "19. Open de Gros 2009"]
[Site "San Sebastián ESP"]
[Date "2009.09.30"]
[Round "7.7"]
[White "Hernandez, Elvis"]
[Black "Fernandez Zubitur, Jokin"]
[Result "1-0"]
[WhiteElo "2284"]
[BlackElo "1869"]
[PlyCount "51"]
[EventDate "2009.09.25"]
[EventType "swiss"]
[EventRounds "9"]
[EventCountry "ESP"]
[Source "lmi"]
[SourceDate "2009.09.25"]

1. e4 e5 2. Nf3 Nc6 3. Nc3 Nf6 4. a3 d5 5. Bb5 Bg4 6. h3 Bxf3 7. Qxf3 d4 8.
Bxc6+ bxc6 9. Nd1 Be7 10. d3 h6 11. b3 O-O 12. Qg3 Qd6 13. Nb2 Nh5 14. Qg4 Nf6
15. Qg3 Nh7 16. Qf3 Qg6 17. g4 Nf6 18. Nc4 Nd7 19. h4 Bd6 20. Bd2 Nb6 21. Na5
Be7 22. Ke2 Qf6 23. Qxf6 Bxf6 24. Nxc6 g5 25. hxg5 hxg5 26. Rh5 1-0

[Event "19. Open de Gros 2009"]
[Site "San Sebastián ESP"]
[Date "2009.09.30"]
[Round "7.8"]
[White "Martin Alvarez, Inigo"]
[Black "Diez Viera, Oscar"]
[Result "1/2-1/2"]
[WhiteElo "2227"]
[BlackElo "1831"]
[PlyCount "168"]
[EventDate "2009.09.25"]
[EventType "swiss"]
[EventRounds "9"]
[EventCountry "ESP"]
[Source "lmi"]
[SourceDate "2009.09.25"]

1. e4 c5 2. Nf3 d6 3. d4 cxd4 4. Qxd4 a6 5. Be3 Nf6 6. Nc3 Nc6 7. Qb6 Qxb6 8.
Bxb6 e6 9. O-O-O Bd7 10. Nd2 Ne5 11. f4 Ng6 12. g3 Bc6 13. Bg2 Nd7 14. Nc4 Nxb6
15. Nxb6 Rd8 16. Rd3 Ne7 17. Nc4 Nc8 18. Na5 Be7 19. Ne2 Na7 20. Nd4 Kd7 21.
Rhd1 Kc7 22. c4 b6 23. Naxc6 Nxc6 24. Nxc6 Kxc6 25. Ra3 Kb7 26. e5+ Ka7 27.
Rad3 Rc8 28. exd6 Rxc4+ 29. Kb1 Bf6 30. Ra3 b5 31. d7 Be7 32. d8=Q Rxd8 33.
Rxd8 Bxd8 34. Rd3 Bb6 35. Rd7+ Rc7 36. Rd6 Bg1 37. h3 Bf2 38. Rd3 h6 39. a3 a5
40. g4 Kb6 41. Rd6+ Kc5 42. Rd3 a4 43. Rc3+ Kb6 44. Rd3 Bh4 45. Bf3 Rc4 46. f5
exf5 47. gxf5 Bf6 48. Rd6+ Kc7 49. Rd5 b4 50. axb4 Rxb4 51. Rd2 a3 52. Bh5 axb2
53. Bxf7 Rf4 54. Rd1 Rxf5 55. Bg6 Ra5 56. Kc2 Ra1 57. Rb1 Kd6 58. h4 Ra5 59. h5
Rg5 60. Rd1+ Ke6 61. Re1+ Be5 62. Rf1 Kd5 63. Re1 Rg3 64. Bf7+ Kd6 65. Rf1 Rc3+
66. Kb1 Ra3 67. Kc2 Ra1 68. Rb1 Ke7 69. Bg6 Kf6 70. Rd1 Kg5 71. Rb1 Kf4 72. Rd1
Bf6 73. Rb1 Ke3 74. Rd1 Ke2 75. Rb1 Ra5 76. Bd3+ Ke3 77. Bg6 Rc5+ 78. Kb3 Kd2
79. Ka2 Rb5 80. Rh1 Be7 81. Rh2+ Kc3 82. Rc2+ Kd4 83. Rxb2 Ra5+ 84. Kb3 Rb5+
1/2-1/2

[Event "19. Open de Gros 2009"]
[Site "San Sebastián ESP"]
[Date "2009.10.01"]
[Round "8.1"]
[White "Mirzoev, Azer"]
[Black "Inkiov, Ventzislav"]
[Result "1/2-1/2"]
[WhiteElo "2584"]
[BlackElo "2465"]
[PlyCount "58"]
[EventDate "2009.09.25"]
[EventType "swiss"]
[EventRounds "9"]
[EventCountry "ESP"]
[Source "lmi"]
[SourceDate "2009.09.25"]

1. d4 Nf6 2. Nf3 d5 3. c4 e6 4. Nc3 Bb4 5. cxd5 exd5 6. Qa4+ Nc6 7. Bg5 h6 8.
Bxf6 Qxf6 9. e3 O-O 10. Be2 Be6 11. O-O Bd6 12. Nb5 Rfc8 13. Rfc1 a6 14. Nxd6
cxd6 15. Rc3 Qd8 16. Rac1 b5 17. Qd1 Ne7 18. a4 Rxc3 19. Rxc3 b4 20. Rc1 a5 21.
Bb5 Rc8 22. Nd2 Bd7 23. Bxd7 Qxd7 24. Rxc8+ Qxc8 25. Nb3 Qa6 26. g3 Qc4 27.
Nxa5 Qa6 28. Nb3 Qxa4 29. Qd3 g6 1/2-1/2

[Event "19. Open de Gros 2009"]
[Site "San Sebastián ESP"]
[Date "2009.10.01"]
[Round "8.3"]
[White "Paunovic, Dragan"]
[Black "Argandona Riveiro, Inigo"]
[Result "1/2-1/2"]
[WhiteElo "2556"]
[BlackElo "2375"]
[PlyCount "152"]
[EventDate "2009.09.25"]
[EventType "swiss"]
[EventRounds "9"]
[EventCountry "ESP"]
[Source "lmi"]
[SourceDate "2009.09.25"]

1. Nf3 Nf6 2. c4 e6 3. Nc3 d5 4. d4 c6 5. Bg5 dxc4 6. a4 b5 7. axb5 cxb5 8.
Nxb5 Qb6 9. Nc3 Qxb2 10. Bd2 Nd5 11. Rb1 Qxc3 12. Bxc3 Nxc3 13. Qc2 Nxb1 14.
Qxb1 Nd7 15. e3 Rb8 16. Qa2 Bb4+ 17. Kd1 c3 18. Ba6 O-O 19. Kc2 Bb7 20. Bxb7
Rxb7 21. Qa6 Rc7 22. Rb1 Nb8 23. Qb5 a5 24. Ne5 Rfc8 25. h4 Nc6 26. Nxc6 Rxc6
27. h5 h6 28. f4 Rd6 29. g4 Rd5 30. Qa6 Rcd8 31. Rd1 R5d6 32. Qc4 R6d7 33. Rg1
Rd5 34. Rg2 Rb8 35. Kd3 Rbd8 36. Ke4 Kf8 37. Kf3 R8d7 38. Ke4 Rd8 39. g5 hxg5
40. fxg5 Be7 41. g6 Rxh5 42. Rf2 Rf5 43. Rxf5 exf5+ 44. Kxf5 fxg6+ 45. Kxg6
Rd6+ 46. Kf5 Rf6+ 47. Kg4 Bb4 48. d5 Rf2 49. Qc8+ Kf7 50. Qe6+ Kf8 51. d6 c2
52. Qc8+ Kf7 53. d7 Be7 54. Qe8+ Kf6 55. d8=Q Bxd8 56. Qxd8+ Kf7 57. Qc7+ Kf6
58. Kg3 Re2 59. Kf3 Rh2 60. Qc3+ Ke6 61. Ke4 a4 62. Qc6+ Kf7 63. Qc5 Rf2 64.
Ke5 g5 65. e4 Kg6 66. Ke6 g4 67. e5 g3 68. Qe3 g2 69. Qxf2 c1=Q 70. Qxg2+ Kh6
71. Kf5 Qc8+ 72. e6 Qc5+ 73. Kf6 Qf8+ 74. Ke5 Qc5+ 75. Qd5 Qxd5+ 76. Kxd5 a3
1/2-1/2

[Event "19. Open de Gros 2009"]
[Site "San Sebastián ESP"]
[Date "2009.10.01"]
[Round "8.4"]
[White "Gaponenko, Inna"]
[Black "Hernandez, Elvis"]
[Result "1-0"]
[WhiteElo "2438"]
[BlackElo "2284"]
[PlyCount "87"]
[EventDate "2009.09.25"]
[EventType "swiss"]
[EventRounds "9"]
[EventCountry "ESP"]
[Source "lmi"]
[SourceDate "2009.09.25"]

1. e4 e6 2. d4 d5 3. Nc3 Bb4 4. e5 c5 5. a3 Bxc3+ 6. bxc3 Ne7 7. Qg4 Qc7 8.
Qxg7 Rg8 9. Qxh7 cxd4 10. Ne2 Nbc6 11. f4 Bd7 12. Qd3 dxc3 13. Nxc3 a6 14. Ne2
Rc8 15. Rb1 Nf5 16. h3 d4 17. g4 Ne3 18. Bxe3 dxe3 19. Bg2 Na5 20. Qxe3 Bc6 21.
O-O Bxg2 22. Kxg2 Nc4 23. Qc3 Qc6+ 24. Kg3 Rh8 25. Rbd1 b5 26. Nd4 Qc5 27. Rd3
Ne3 28. Qe1 Nxf1+ 29. Qxf1 Rd8 30. Qf3 Rd5 31. Qe3 Qe7 32. Rc3 Rc5 33. Rd3 Rd5
34. Kh2 Qc5 35. Qe4 Kf8 36. f5 Qc7 37. Re3 Qc4 38. c3 Ke8 39. fxe6 Rf8 40. Rf3
Qc5 41. exf7+ Rxf7 42. Qg6 Qe7 43. e6 Qd6+ 44. Kg2 1-0

[Event "19. Open de Gros 2009"]
[Site "San Sebastián ESP"]
[Date "2009.10.01"]
[Round "8.5"]
[White "Zaballa Zarzosa, Jon"]
[Black "Marholev, Dimitar"]
[Result "0-1"]
[WhiteElo "1831"]
[BlackElo "2413"]
[PlyCount "46"]
[EventDate "2009.09.25"]
[EventType "swiss"]
[EventRounds "9"]
[EventCountry "ESP"]
[Source "lmi"]
[SourceDate "2009.09.25"]

1. e4 e5 2. Nf3 Nc6 3. Bb5 a6 4. Ba4 Nf6 5. O-O Be7 6. Re1 b5 7. Bb3 d6 8. c3
O-O 9. h3 Na5 10. Bc2 c5 11. d4 Qc7 12. Nbd2 cxd4 13. cxd4 Bb7 14. Nf1 Rac8 15.
Bb1 d5 16. dxe5 Nxe4 17. N1d2 Rfd8 18. Qe2 Bb4 19. Bd3 Nc4 20. a3 Bxd2 21. Nxd2
Qxe5 22. Nxe4 dxe4 23. Bxe4 Bxe4 0-1

[Event "19. Open de Gros 2009"]
[Site "San Sebastián ESP"]
[Date "2009.10.01"]
[Round "8.6"]
[White "Meijers, Viesturs"]
[Black "Tholey, Jean-Paul"]
[Result "1-0"]
[WhiteElo "2471"]
[BlackElo "2002"]
[PlyCount "79"]
[EventDate "2009.09.25"]
[EventType "swiss"]
[EventRounds "9"]
[EventCountry "ESP"]
[Source "lmi"]
[SourceDate "2009.09.25"]

1. e4 e6 2. d4 d5 3. exd5 exd5 4. Nf3 Bd6 5. Be2 Nf6 6. O-O O-O 7. c4 Re8 8.
Nc3 dxc4 9. Bxc4 Bg4 10. h3 Bh5 11. g4 Bg6 12. Ne5 c5 13. Nxg6 hxg6 14. Nb5 Nc6
15. Nxd6 Qxd6 16. dxc5 Qxc5 17. Qc2 Kf8 18. Be3 Qe5 19. Rfd1 Rad8 20. Qb3 Qc7
21. Bf1 Rxd1 22. Rxd1 a6 23. Bg2 Kg8 24. Qc3 Re6 25. a3 Rd6 26. Rxd6 Qxd6 27.
Qc5 Qe6 28. Bf4 Qe1+ 29. Kh2 Qe2 30. b4 Qb2 31. Qe3 Qa2 32. Bg3 Qc4 33. Qb6 Qb5
34. Qxb5 axb5 35. Bf4 Kf8 36. Be3 Ke7 37. Bf1 Nd5 38. Bc5+ Ke6 39. Bxb5 Nc3 40.
Bc4+ 1-0

[Event "19. Open de Gros 2009"]
[Site "San Sebastián ESP"]
[Date "2009.10.01"]
[Round "8.7"]
[White "Diez Viera, Oscar"]
[Black "Georgiev, Krum"]
[Result "0-1"]
[WhiteElo "1831"]
[BlackElo "2466"]
[PlyCount "76"]
[EventDate "2009.09.25"]
[EventType "swiss"]
[EventRounds "9"]
[EventCountry "ESP"]
[Source "lmi"]
[SourceDate "2009.09.25"]

1. e4 c5 2. Nf3 d6 3. d4 cxd4 4. Qxd4 Nc6 5. Bb5 Bd7 6. Bxc6 Bxc6 7. c4 Nf6 8.
Nc3 g6 9. b4 Bg7 10. Nd2 O-O 11. Qe3 Nxe4 12. Ndxe4 Bxe4 13. O-O Bf5 14. Bb2
Qb6 15. Qxb6 axb6 16. Nd1 Bxb2 17. Nxb2 Ra3 18. Rfe1 Be6 19. Kf1 Rfa8 20. Rec1
Kg7 21. Nd1 Rxa2 22. Rxa2 Rxa2 23. b5 Bf5 24. g3 Bd3+ 25. Kg2 e6 26. Ne3 Be2
27. Nd1 Ra3 28. Ne3 Kf6 29. Rc2 Bd3 30. Rc1 Ke5 31. Ng4+ Kd4 32. Nf6 h5 33. Nd7
Bxc4 34. Nxb6 Bxb5 35. Rd1+ Rd3 36. Rb1 Bc6+ 37. Kf1 Bf3 38. Ke1 Kc3 0-1

[Event "19. Open de Gros 2009"]
[Site "San Sebastián ESP"]
[Date "2009.10.02"]
[Round "9.1"]
[White "Gaponenko, Inna"]
[Black "Mirzoev, Azer"]
[Result "0-1"]
[WhiteElo "2438"]
[BlackElo "2584"]
[PlyCount "56"]
[EventDate "2009.09.25"]
[EventType "swiss"]
[EventRounds "9"]
[EventCountry "ESP"]
[Source "lmi"]
[SourceDate "2009.09.25"]

1. e4 e6 2. d4 d5 3. Nc3 Bb4 4. e5 c5 5. a3 Ba5 6. b4 cxd4 7. Qg4 Kf8 8. bxa5
dxc3 9. a4 Nc6 10. Ba3+ Nge7 11. Nf3 Kg8 12. Bd3 Bd7 13. h4 Rc8 14. h5 h6 15.
Rh3 Nf5 16. Qf4 d4 17. Bxf5 exf5 18. Nxd4 Qg5 19. Qxg5 hxg5 20. O-O-O Nxa5 21.
Nb5 Be6 22. Nxa7 Rc4 23. Rd8+ Kh7 24. Rxh8+ Kxh8 25. Nb5 Rxa4 26. Rxc3 Nc4 27.
Bb2 Nxb2 28. Rh3 Rc4 0-1

[Event "19. Open de Gros 2009"]
[Site "San Sebastián ESP"]
[Date "2009.10.02"]
[Round "9.2"]
[White "Marholev, Dimitar"]
[Black "Ninov, Nikolai"]
[Result "1/2-1/2"]
[WhiteElo "2413"]
[BlackElo "2532"]
[PlyCount "24"]
[EventDate "2009.09.25"]
[EventType "swiss"]
[EventRounds "9"]
[EventCountry "ESP"]
[Source "lmi"]
[SourceDate "2009.09.25"]

1. e4 e5 2. Nf3 Nc6 3. Bb5 a6 4. Ba4 Nf6 5. O-O Be7 6. Re1 b5 7. Bb3 O-O 8. c3
d6 9. h3 Bb7 10. d4 Re8 11. Ng5 Rf8 12. Nf3 Re8 1/2-1/2

[Event "19. Open de Gros 2009"]
[Site "San Sebastián ESP"]
[Date "2009.10.02"]
[Round "9.3"]
[White "Inkiov, Ventzislav"]
[Black "Paunovic, Dragan"]
[Result "1/2-1/2"]
[WhiteElo "2465"]
[BlackElo "2556"]
[PlyCount "22"]
[EventDate "2009.09.25"]
[EventType "swiss"]
[EventRounds "9"]
[EventCountry "ESP"]
[Source "lmi"]
[SourceDate "2009.09.25"]

1. d4 d6 2. Nf3 Nf6 3. c4 g6 4. Nc3 Bg7 5. e4 O-O 6. Be2 e5 7. dxe5 dxe5 8.
Qxd8 Rxd8 9. Bg5 Re8 10. Nd5 Nxd5 11. cxd5 c6 1/2-1/2

[Event "19. Open de Gros 2009"]
[Site "San Sebastián ESP"]
[Date "2009.10.02"]
[Round "9.4"]
[White "Martin Alvarez, Inigo"]
[Black "Meijers, Viesturs"]
[Result "0-1"]
[WhiteElo "2227"]
[BlackElo "2471"]
[PlyCount "56"]
[EventDate "2009.09.25"]
[EventType "swiss"]
[EventRounds "9"]
[EventCountry "ESP"]
[Source "lmi"]
[SourceDate "2009.09.25"]

1. e4 c5 2. Nf3 e6 3. d4 cxd4 4. Nxd4 a6 5. Bd3 Nf6 6. O-O Qc7 7. Qe2 d6 8. c4
Nbd7 9. f4 h5 10. Kh1 Be7 11. Nc3 h4 12. Bd2 b6 13. Rae1 h3 14. g4 Nc5 15. g5
Nxd3 16. Qxd3 Nd7 17. g6 Nc5 18. gxf7+ Kxf7 19. Qf3 Bf6 20. Nb3 Nd7 21. Kg1 Bb7
22. f5 Qxc4 23. Rc1 Rac8 24. Nd5 exd5 25. Rxc4 dxc4 26. Nc1 Rh4 27. Re1 Ne5 28.
Qf2 Bxe4 0-1

[Event "19. Open de Gros 2009"]
[Site "San Sebastián ESP"]
[Date "2009.10.02"]
[Round "9.6"]
[White "Argandona Riveiro, Inigo"]
[Black "Guijarro Galan, Jose Luis"]
[Result "1-0"]
[WhiteElo "2375"]
[BlackElo "2085"]
[PlyCount "53"]
[EventDate "2009.09.25"]
[EventType "swiss"]
[EventRounds "9"]
[EventCountry "ESP"]
[Source "lmi"]
[SourceDate "2009.09.25"]

1. d4 d5 2. c4 e6 3. Nc3 Nf6 4. Nf3 c6 5. Bg5 dxc4 6. a4 Bb4 7. e4 Bxc3+ 8.
bxc3 Qa5 9. e5 Ne4 10. Bd2 Qd5 11. a5 Nd7 12. Qa4 Nxd2 13. Nxd2 Nxe5 14. dxe5
Qxe5+ 15. Be2 Qxc3 16. Ra3 Qc1+ 17. Bd1 c3 18. Nc4 O-O 19. O-O e5 20. f4 Qb1
21. Nxe5 b5 22. axb6 Qxb6+ 23. Kh1 f6 24. Qc4+ Kh8 25. Nf7+ Rxf7 26. Qxf7 Ba6
27. Re1 1-0

[Event "19. Open de Gros 2009"]
[Site "San Sebastián ESP"]
[Date "2009.10.02"]
[Round "9.7"]
[White "Hernandez, Elvis"]
[Black "Zubia Aramburu, Mikel"]
[Result "1-0"]
[WhiteElo "2284"]
[BlackElo "1863"]
[PlyCount "29"]
[EventDate "2009.09.25"]
[EventType "swiss"]
[EventRounds "9"]
[EventCountry "ESP"]
[Source "lmi"]
[SourceDate "2009.09.25"]

1. e4 c5 2. Nf3 Nc6 3. Nc3 g6 4. d4 cxd4 5. Nxd4 Bg7 6. Be3 a6 7. Bc4 e6 8. Bb3
Nge7 9. Qd2 O-O 10. O-O-O Na5 11. Bh6 d5 12. Bxg7 Kxg7 13. exd5 Nxb3+ 14. Nxb3
e5 15. d6 1-0

[Event "19. Open de Gros 2009"]
[Site "San Sebastián ESP"]
[Date "2009.10.02"]
[Round "9.8"]
[White "Alvarado Fernandez, Mikel"]
[Black "Olabe Odriozola, Eduardo"]
[Result "1-0"]
[WhiteElo "2016"]
[BlackElo "1830"]
[PlyCount "47"]
[EventDate "2009.09.25"]
[EventType "swiss"]
[EventRounds "9"]
[EventCountry "ESP"]
[Source "lmi"]
[SourceDate "2009.09.25"]

1. d4 d5 2. Bg5 g6 3. e3 Bg7 4. Nf3 Nf6 5. Nbd2 O-O 6. Bd3 Nbd7 7. O-O Re8 8.
c4 c5 9. cxd5 cxd4 10. e4 Nc5 11. Bxf6 Bxf6 12. Nb3 Nxb3 13. Qxb3 Qd6 14. Rfe1
e5 15. Rac1 Bg7 16. Rc2 f5 17. Nd2 Kh8 18. Nc4 Qd8 19. Qa4 f4 20. f3 g5 21.
Rec1 g4 22. Nd6 Bd7 23. Qc4 gxf3 24. Nf7+ 1-0